000 00557nam a22001337a 4500
999 _c80248
_d80248
008 201130b ||||| |||| 00| 0 eng d
040 _bger
_cSTAFF
_erda
_aSTAFF
245 _aFrankfurter Jahrbuch erhältlich
_bMuseum Viadrina: Die 280 Seiten behandeln das Kriegsende 1945 und die Folgen des Zweiten Weltkriegs.
_cred
773 _dFrankfurt (Oder): Märkisches Verlags- und Druckhaus GmbH & Co KG
_g31. Jahrgang (2020) Nr. 279 vom 30.11.2020, S. 11
_tMärkische Oderzeitung
942 _cA